| 000 -LEADER |
| fixed length control field |
00667 a2200193 4500 |
| 008 - FIXED-LENGTH DATA ELEMENTS--GENERAL INFORMATION |
| fixed length control field |
230628b ||||| |||| 00| 0 eng d |
| 020 ## - INTERNATIONAL STANDARD BOOK NUMBER |
| International Standard Book Number |
9780814437537 |
| Terms of availability |
Rs1626.00 |
| 041 0# - LANGUAGE CODE |
| Language code of text/sound track or separate title |
eng |
| 082 00 - DEWEY DECIMAL CLASSIFICATION NUMBER |
| Classification number |
658.7 |
| Item number |
B693 |
| 100 ## - MAIN ENTRY--PERSONAL NAME |
| 9 (RLIN) |
5578 |
| Personal name |
Bolstorff, Peter |
| 245 ## - TITLE STATEMENT |
| Title |
Supply Chain Excellence : A Handbook for dramatic improvement using the SCOR model / |
| 250 ## - EDITION STATEMENT |
| Edition statement |
3rd ed. |
| 260 ## - PUBLICATION, DISTRIBUTION, ETC. (IMPRINT) |
| Place of publication, distribution, etc |
[S.l.] : |
| Name of publisher, distributor, etc |
Harper Collins Leadership, |
| Date of publication, distribution, etc |
c2012. |
| 300 ## - PHYSICAL DESCRIPTION |
| Extent |
xviii, 284 p. : |
| Other physical details |
ill. ; |
| Dimensions |
24 cm. |
| 500 ## - GENERAL NOTE |
| General note |
Adapted for using SAP and Global projects |
| 650 #0 - SUBJECT ADDED ENTRY--TOPICAL TERM |
| Topical term or geographic name as entry element |
Business Logistics |
| 700 ## - ADDED ENTRY--PERSONAL NAME |
| 9 (RLIN) |
5579 |
| Personal name |
Rosenbaum, Robert |
| 942 ## - ADDED ENTRY ELEMENTS (KOHA) |
| Source of classification or shelving scheme |
|
| Item type |
Books |